International Journal of Transport Economics / Rivista internazionale di economia dei trasporti

محفوظ في:

التنسيق: دورية

اللغة: Undetermined

منشور في: JSTOR
Accademia Editoriale

الموضوعات:

الوصول للمادة أونلاين: Login to view Source

الوسوم: إضافة وسم

لا توجد وسوم, كن أول من يضع وسما على هذه التسجيلة!

رقم الطلب:

LEADER 00571nas a2200169Ia 4500
008 220214c99999999xx |||||||||||| ||und||
022 |a 0303-5247 
022 |a 1724-2185 
245 0 0 |a International Journal of Transport Economics / Rivista internazionale di economia dei trasporti 
264 1 |b JSTOR 
264 1 |b Accademia Editoriale 
362 0 |a Vol. 1(1974)-42 (2015) 
653 1 0 |a Economics 
856 4 0 |u https://www.jstor.org/journal/intejtranecon 
942 |c JL 
952 |0 0  |1 0  |4 0  |7 1  |9 35345  |a JSR  |b JSR  |d 2022-02-14  |l 0  |r 2022-02-14 00:00:00  |w 2022-02-14  |y JL 
999 |c 43678  |d 43678